Nation of shopkeepers
Uloženo v:
| Hlavní autor: | |
|---|---|
| Médium: | Kniha |
| Jazyk: | Undetermined |
| Vydáno: |
London
Eyre & Spottiswoode
1970
|
| Témata: | |
| Tagy: |
Přidat tag
Žádné tagy, Buďte první, kdo otaguje tento záznam!
|
| Thư viện lưu trữ: | Trung tâm Học liệu Trường Đại học Cần Thơ |
|---|
| LEADER | 00504nam a2200193Ia 4500 | ||
|---|---|---|---|
| 001 | CTU_83522 | ||
| 008 | 210402s9999 xx 000 0 und d | ||
| 082 | |a 381 | ||
| 082 | |b H385 | ||
| 100 | |a Havenhand, Greville | ||
| 245 | 0 | |a Nation of shopkeepers | |
| 245 | 0 | |c Greville Havenhand | |
| 260 | |a London | ||
| 260 | |b Eyre & Spottiswoode | ||
| 260 | |c 1970 | ||
| 650 | |a Retail trade | ||
| 650 | |z Great britain | ||
| 904 | |i Qhieu(sửa) | ||
| 980 | |a Trung tâm Học liệu Trường Đại học Cần Thơ | ||